Disney mal résumé #5 - Statistiques

Statistiques générales
  • Ce quiz a été pris 152 fois
  • Le résultat moyen est 3 sur 15
Statistiques - réponses
Hint Réponse % Correct
C'est l'histoire d'une petite famille qui s'est énormément aggrandie grâce une femme d'enfer Les 101 Dalmatiens
59%
C'est l'histoire d'une héroïne qui pour arrêter un trafic de drogue doit passer un temps fou dans l'administration Zootopie
54%
C'est l'histoire du fils du roi qui devient protecteur d'un royaume avec ses amis La Garde du Roi Lion
48%
C'est l'histoire de 2 potes qui rêvent d'un placement de produit et mangent des pâtes Luca
36%
C'est l'histoire de 2 amoureux qui travaillent ensemble sans se toucher Élémentaire
28%
C'est l'histoire d'un mec qui devient le meilleur ami de l'assassin de sa mère Frère des ours
25%
C'est l'histoire d'un mec à poil qui a un meilleur ami à fond dans le minimalisme Le Livre de la jungle
25%
C'est l'histoire d'un agent d'entretien qui pour aider une fille doit trouver un trésor avec une amie Les Aventures de Bernard et Bianca
17%
C'est l'histoire des origines d'un grand méchant Disney quand il n'avait pas encore sa moustache Clochette et la Fée Pirate
11%
C'est un film avec une tortue qui chante sur des airs de musique classique connus Mickey, Donald, Dingo : Les 3 mousquetaires
5%
C'est l'histoire d'un homme qui veut faire plaisir à son papa grâce à sa femme et ses amis Kuzco 2 : King Kronk
4%
C'est l'histoire d'une équipe qui part en voyage et vous racontent une version imagée du séjour Saludos Amigos
4%
C'est une histoire de vœux magiques, de magicien qui peut se transformer en animal mais sans princesse La Bande à Picsou : Le film
3%
C'est l'histoire d'une famille asiatiques à New York, dont le fils a le corps qui change facilement American Dragon : Jake Long
2%
C'est une série qui mêle Shakespeare, l'architecture et les voyages dans le temps Gargoyles
2%
Aucun quiz correspondant
Distribution des résultats
% des personnes avec chaque résultat
Percentile par nombre de réponses
Votre historique - résultats
Vous n’avez pas pris ce quiz